=LDR 00000nam 2200000 4500 =001 NUTBA000000000002693 =005 20140625090554.0 =006 =007 =008 =020 ##$$a 978-602855-336-0 =035 ##$$a 0010-061400000000636 =040 ##$$a NBPDMAT =082 ##$$a 635.9 =090 ##$$a 635.9 $b Cep m =100 ##$$a Cepy Suherman =245 ##$$a Memelihara tanaman hias / $c Cepy Suherman =250 ##$$a Cet.1 =260 ##$$a Jakarta : $b Buana Cipta Pustaka, $c 2009 =300 ##$$a 64 hlm. : $b ilus. ; $c 23 cm. =650 ##$$a Tanaman Hias =850 ##$$a NBPDMAT =990 ##$$a 21402302